Doing Data Science: straight talk from the frontline. (Record no. 5993)
[ view plain ]
| 000 -LEADER | |
|---|---|
| fixed length control field | 00522nam a22001937a 4500 |
| 003 - CONTROL NUMBER IDENTIFIER | |
| control field | OSt |
| 005 - DATE AND TIME OF LATEST TRANSACTION | |
| control field | 20180206130420.0 |
| 008 - FIXED-LENGTH DATA ELEMENTS--GENERAL INFORMATION | |
| fixed length control field | 180206b xxu||||| |||| 00| 0 eng d |
| 020 ## - INTERNATIONAL STANDARD BOOK NUMBER | |
| International Standard Book Number | 9781449358655 |
| 040 ## - CATALOGING SOURCE | |
| Transcribing agency | DDC |
| 082 ## - DEWEY DECIMAL CLASSIFICATION NUMBER | |
| Classification number | 004 ONE 2014 |
| 100 ## - MAIN ENTRY--PERSONAL NAME | |
| Personal name | O'Neil, Cathy; Schutt, Rachel |
| 9 (RLIN) | 12436 |
| 245 ## - TITLE STATEMENT | |
| Title | Doing Data Science: straight talk from the frontline. |
| 260 ## - PUBLICATION, DISTRIBUTION, ETC. (IMPRINT) | |
| Place of publication, distribution, etc. | Beijing; O'reilly, 2014 |
| 300 ## - PHYSICAL DESCRIPTION | |
| Extent | xxv,377p; ill: 23cm |
| 504 ## - BIBLIOGRAPHY, ETC. NOTE | |
| Bibliography, etc | Index included |
| 650 ## - SUBJECT ADDED ENTRY--TOPICAL TERM | |
| Topical term or geographic name as entry element | Data Computer |
| 9 (RLIN) | 5616 |
| 942 ## - ADDED ENTRY ELEMENTS (KOHA) | |
| Source of classification or shelving scheme | Other/Generic Classification Scheme |
| Koha item type | Book Bank |
| Withdrawn status | Lost status | Source of classification or shelving scheme | Damaged status | Not for loan | Home library | Current library | Date acquired | Source of acquisition | Inventory number | Total Checkouts | Full call number | Barcode | Date last seen | Koha item type |
|---|---|---|---|---|---|---|---|---|---|---|---|---|---|---|
| Dewey Decimal Classification | MUST Main Library | MUST Main Library | 06/02/2018 | Purchase | 17/40510 | 004 ONE 2014 | 2018-0084 | 06/02/2018 | Open Shelf | |||||
| Dewey Decimal Classification | MUST Main Library | MUST Main Library | 06/02/2018 | Purchase | 17/40511 | 004 ONE 2014 | 2018-0085 | 06/02/2018 | Open Shelf |
